| 000 | 01327nam a22003377a 4500 | ||
|---|---|---|---|
| 001 | 4455305 | ||
| 003 | OSt | ||
| 005 | 20210426112526.0 | ||
| 008 | 951127s1995 nyuaf 000 0aeng | ||
| 010 | _a 95080313 | ||
| 020 | _a067940693X | ||
| 040 |
_aDLC _cDLC _dDLC |
||
| 043 | _an-us--- | ||
| 050 | 0 | 0 |
_aPN4874.B6695 _bB75 1995 |
| 080 |
_a92 _bB-86 |
||
| 082 | 0 | 0 |
_a070/.92 _aB _220 |
| 100 | 1 | _aBrinkley, David. | |
| 245 | 1 | 0 |
_aDavid Brinkley : _b11 presidents, 4 wars, 22 political conventions, 1 moon landing, 3 assassinations, 2,000 weeks of news and other stuff on television and 18 years of growing up in North Carolina / _cDavid Brinkley. |
| 250 | _a1st ed. | ||
| 260 |
_aNew York : _bA. A. Knopf : _bDistributed by Random House, _c1995. |
||
| 300 |
_a273 p., [16] p. of plates : _bill. ; _c25 cm. |
||
| 365 | _e25.00 USD | ||
| 600 | 1 | 0 | _aBrinkley, David. |
| 650 | 0 |
_aTelevision journalists _zUnited States _vBiography. |
|
| 653 | _aბიოგრაფია | ||
| 856 | 4 | 2 |
_3Publisher description _uhttp://www.loc.gov/catdir/description/random0410/95080313.html |
| 906 |
_a7 _bcbc _corignew _d1 _eopcn _f19 _gy-gencatlg |
||
| 942 |
_2udc _cBK |
||
| 999 |
_c975 _d975 |
||